[Event "Guillermo Garcia Memorial-A 06th"]
[Site "Santa Clara"]
[Date "1998.05.30"]
[Round "6"]
[White "Vasquez Schroder, Rodrigo Rafael"]
[Black "Bellon Lopez, Juan Manuel"]
[Result "1-0"]
[WhiteElo "2485"]
[BlackElo "2455"]
[Annotator "Ribli,Z"]
[PlyCount "115"]
[EventDate "1998.05.24"]
[EventType "tourn"]
[EventRounds "13"]
[EventCountry "CUB"]
[EventCategory "9"]
[SourceTitle "CBM 066"]
[Source "ChessBase"]
[SourceDate "1998.09.30"]
[SourceVersion "1"]
[SourceVersionDate "1998.09.30"]
[SourceQuality "1"]

1. Nf3 c5 2. c4 Nc6 3. Nc3 e5 {Schwarz schwächt freiwillig das Feld d5. Im
Gegenzug erlangt er starke Kontrolle über das Feld d4. Ribli.} 4. d3 {Die
andere Hauptfortsetzung des Weißen ist 4.e3.} d6 5. g3 g6 6. Bg2 Bg7 7. O-O
Nge7 {[%csl Ge7,Rf3] Obwohl das Feld d5 ist geschwächt ist, hat Schwarz eine
elastische Aufstellung für den Königsspringer.} 8. Rb1 O-O 9. a3 {Weiß
bereitet den Zug 10.b4 vor und verleitet Schwarz zur Schwächung des Feldes b5.}
a5 {[%csl Yb5,Yd5]} 10. Ne1 {[%csl Yd5][%cal Ge1c2,Gc2e3,Ge3d5] Ein
Standardmanöver. Der weiße Springer strebt nach d5.} Be6 11. Nc2 d5 {
Rechtzeitig. Sonst wird dieser Vorstoß von Weiß mit 12.Ne3 verhindert.} 12.
cxd5 Nxd5 {Schwarz hat Raumvorteil, aber sein Läufer auf g7 besitzt keine
aktiven Möglichkeiten und die weißen Felden in seinem Lager sind ein wenig
schwach. Meines Erachtens ist die Stellung gleich.} 13. Ne4 (13. Ne3 Nxe3 (
13... Nde7 14. Ne4 (14. Qa4 $2 Nd4 $17 {[%csl Ra4,Gd4][%cal Re6b3]} 15. Qd1 $8
Bb3 {[%csl Rb3,Rd4]} 16. Qe1 Qc7 17. Bd2 Rad8 18. Nc4 b5 $5 19. Nxb5 Nxb5 20.
Bxa5 Qb8 21. Bxd8 Rxd8 {[%csl Gb3,Yd4] 0-1 Gabdrakhmanov,R-Gdanski,J/EUCup f
1997 (52)}) (14. Nc4 Rb8 15. Bg5 (15. Nb5 Nd5 16. Bd2 b6 17. Qa4 Qd7 18. Qc2
Bh3 19. Bxh3 Qxh3 20. Ne3 Nf6 21. f3 Qd7 22. Kg2 Rfe8 23. Rbe1 Nd4 {0-1 Sykora,
P-Jirovsky,P/Ceske Budejovice op 1997 (33)}) 15... f6 16. Be3 b6 17. f4 Bh6 (
17... Nd5 18. Bd2 f5 19. Kh1 Nxc3 20. Bxc3 Bxc4 21. dxc4 e4 {Kolev,A-Gdanski,J/
Budapest-Z A 1993/0-1 (66)}) 18. Kh1 exf4 19. gxf4 Qd7 20. Qe1 Nd4 21. Bg1 a4
22. Rd1 b5 23. Ne4 Qc8 24. Ncd2 Bg4 25. Nf3 Nef5 {0-1 Hickl,J-Maksimenko,A/
Vienna op 1996 (39)}) 14... b6 15. Ng5 Bd7 16. Nd5 Ra7 17. Nxe7+ Qxe7 18. Nf3
Rd8 19. Qb3 a4 20. Qc2 Be6 21. Bg5 f6 22. Be3 Rc8 23. Rbc1 f5 {0-1
Schieferstein,M-Epishin,V/Bad Zwesten op 1997 (31)}) 14. Bxe3 Nd4 $5 15. Bxb7
Rb8 16. Bg2 c4 17. dxc4 Bxc4 18. Re1 Bb3 19. Qd2 Qd6 {1/2-1/2 Olafsson,
H-Cramling,P/Reykjavik zt plof 1995 (40)}) 13... b6 14. Ng5 (14. Bd2 a4 $10 {
Stefansson,H-Ghinda,M/Athens/1993/INF59,70/}) 14... Bc8 {Natürlich darf sich
Schwarz nicht den weißfeldrigen Läufer tauschen lassen.} 15. Ne3 Nde7 (15...
Nxe3 $5 16. Bxe3 Bb7 (16... Qd7 17. b4 $36) 17. Qa4 (17. b4 axb4 18. axb4 cxb4
19. Bxc6 Bxc6 20. Rxb4 $11 {Weiß hat die bessere Bauernstruktur, aber das
schwarze Läuferpaar ist stark.}) 17... Qc7 18. Qh4 h6 19. Ne4 Nd4 20. Bxd4 exd4
21. Qf4 Qxf4 22. gxf4 Rfe8 23. Rfc1 Rad8 24. b4 cxb4 25. axb4 a4 26. b5 a3 {
Foisor,C-Cramling,P/Jakarta iztW 1993/0-1 (57)}) (15... Nce7 $5 16. Nxd5 Nxd5
17. Qb3 Bb7 18. Qc4 Qd7 19. Ne4 Ne7 20. Nc3 Bxg2 21. Kxg2 h6 22. b3 Rfd8 23.
Bb2 Rac8 {1/2-1/2 Pfleger,H-Ribli,Z/BL9091 1991 (41)}) 16. b4 {Wir sind in der
Mitte des Kampfes, aber das ist noch Theorie. Weiß opfert zeitweilig einen
Bauern für aktives Spiel am Damenflügel.} (16. Bd2 Rb8 17. Nc2 h6 18. Ne4 Be6
19. b4 f5 20. Nc3 axb4 21. axb4 c4 22. dxc4 Bxc4 {1/2-1/2 Uhlmann,W-Torre,E/
Leningrad izt 1973 (41)}) 16... axb4 17. axb4 cxb4 18. Bd2 {[%csl Rb4,Rb6,Gg2]
[%cal Gg2a8] Früher oder später muß Schwarz den b4-Bauern zurückgeben.} h6 (
18... Rb8 19. Bxb4 Nxb4 20. Rxb4 h6 21. Nf3 Be6 22. Qb1 Nc6 23. Rb5 Na7 24. Rb4
Nc6 25. Rb5 Na7 26. Rb4 b5 27. Rc1 Qd6 28. h4 f5 29. Nd2 e4 30. h5 g5 {0-1
Benko,P-Schmid,L/Monte Carlo 1969 (40)}) (18... Ra2 19. Bxb4 Nxb4 20. Rxb4 Nf5
21. Nxf5 Bxf5 22. Ne4 Qc7 23. Qb1 Rxe2 24. Rxb6 Qc2 25. Qb5 Bxe4 {1/2-1/2
Foisor,C-Matveeva,S/Subotica iztW 1991}) (18... Qd6 $2 19. Bxb4 $16 {[%csl Gb4]
[%cal Rb4f8,Gg2a8]}) 19. Nf3 $146 {[%csl Rb4,Rb6,Gg2,Rg7] Weiß verfolgt eine
klare Strategie: den b4-Bauern zurückgewinnen und dann den anderen b-Bauern
belagern, um im Endspiel den Mehrbauern zu verwerten.} (19. Bxb4 hxg5 20. Bxe7
Qxe7 21. Bxc6 Rb8 22. Qa4 Be6 23. Nd5 Qd8 24. Qb5 g4 25. Ne3 Qg5 26. Bd7 Bxd7
27. Qxd7 f5 28. Rfc1 Qd8 29. Qxd8 Rfxd8 30. Rc6 Kh7 31. Rbxb6 {1/2-1/2 Foisor,
C-Arakhamia,K/Biel opW 1990 (72)}) 19... Be6 (19... Qd6 $6 20. Nc4 $36 {
[%csl Gc4]}) 20. Bxb4 Nxb4 21. Rxb4 Ra2 $11 {Die weiße Stellung bietet
strukturelle Vorteile, aber dank des Läuferpaares steht Schwarz nicht
schlechter. Es ist dabei immer die Frage, ob der schwarze b-Bauer eine
Schwäche oder ein starker Freibauer ist.} 22. Nd2 Qd6 {[%cal Rd6b4,Gf8c8,Gc8c1]
} 23. Ra4 b5 {[%csl Gb5,Yc4] Der schwarze b-Bauer nimmt dem weißen
Springerpaar das Feld c4.} 24. Rxa2 Bxa2 25. Qc2 Be6 {Schwarz besitzt das
Läuferpaar, aber sein g7-Läufer ist noch nicht aktiv. Aber Dr. Tarrasch meinte,
nicht die Wirkung des Läuferpaares sei wichtig, sondern seine Existenz.} 26.
Rb1 {[%csl Rb5][%cal Rb1b5]} Rc8 27. Qb2 Rb8 (27... e4 28. Nxe4 $16 {[%cal
Re4d6]}) 28. Ne4 Qd4 29. Qa3 (29. Qxd4 exd4 {[%csl Yc3]} 30. Nc2 Nd5 {[%cal
Gd5c3]} 31. Nb4 Nxb4 32. Rxb4 Bf8 33. Rxd4 b4 $36 {[%csl Gb4][%cal Rb4b3,Rb3b2,
Rb2b1]}) 29... Bf8 $6 {[%cal Gf8a3] Mit diesem Läuferzug schwächt sich Schwarz
das Feld f6.} 30. Qa5 $14 {[%csl Rb5,Ge3,Ge4] Das weiße Springerpaar scheint
dem schwarzen Läuferpaar überlegen.} f5 {Schwarz verjagt den starken Springer,
schwächt aber seinen Königsflügel.} (30... b4 31. Nc2 {[%csl Rb4,Re5][%cal
Rc2d4,Rc2b4] Die schwarze Dame muß weichen, wodurch der schwarze e-Bauer die
Deckung verliert.}) (30... Bd7 31. Nf6+ Kg7 32. Qc7 $16 {[%csl Rb8,Gc7,Rd7,Gf6]
}) 31. Nd2 Qc5 32. Nb3 Qd6 (32... Bxb3 $5 33. Rxb3 {[%csl Yd5,Ye6,Yf7,Gg2,Rg8]
Die weißen Felder sind schwach, aber Schwarz kann das wohl überleben.}) (32...
Qb6 33. Qxb6 Rxb6 34. Nc5 Bf7 35. Nd7 $16 {[%csl Rb5,Rb6,Gd7,Re5]}) 33. Qa7 {
[%csl Ga7] Die weiße Dame ist unangenehm aktiv.} Nc8 34. Qa5 Qa3 $2 (34... Ne7
$5 $11 {Schwarz sollte sich mit Zugwiederholung begnügen. Weiß steht aktiver,
aber ich bin nicht sicher, daß er etwas Konkretes erreichen kann.}) 35. Qc3 {
[%csl Gb3,Gc3,Re5]} Qd6 (35... Bxb3 $6 36. Rxb3 {[%csl Ra3,Rg8]} Qd6 37. Rxb5
Rxb5 38. Qc4+ $16 {[%cal Rc4b5,Rc4g8]}) 36. Na5 $1 {[%csl Ga5,Yb7,Yc6,Re5]
[%cal Ga5c6,Ga5b7] Das Eindringen des Springers scheint sehr gefährlich zu
sein.} Na7 $6 (36... b4 37. Qd2 b3 38. Nec4 Bxc4 39. Nxc4 $14) 37. Nb7 {
[%csl Re5]} Qe7 $2 {Ich glaube, Schwarz war in ernsthafter Zeitnot.} (37... Qd4
38. Qxd4 exd4 39. Nc2 $14) 38. Qxe5 $16 {[%csl Rg8] Weiß besitzt einen
Mehrbauern und die schwarze Königsstellung ist schwach.} Rc8 (38... Rxb7 39.
Bxb7 Qxb7 40. Qxe6+ $18) 39. Qd4 Nc6 40. Qb6 {[%csl Rb5,Gb6,Rc6,Gg2][%cal
Rb6b5,Rg2c6] Schwarz hat auf e5 bereits seinen wichtigsten Bauern verloren und
jetzt hängt auch noch b5.} Nd8 41. Nxd8 Rxd8 42. Rxb5 {Der weiße Vorteil ist
überzeugend. Schwarz sollte kaum über Rettungschancen verfügen.} Rd6 43. Qa5
Bg7 44. Rb7 {[%csl Gb7][%cal Rb7g7]} Rd7 45. Rxd7 Bxd7 {Das schwarze
Läuferpaar erschwert die weiße Gewinnführung ein wenig, aber in Wirklichkeit
hat Schwarz keine Gegenchancen.} 46. Bf3 {Weiß hat keine Eile. Er kann seine
Stellung in kleinen Schritten verbessern.} h5 47. Nd5 {[%csl Gd5]} Qe6 48. Nf4
Qe8 49. Qb6 {[%csl Gb6,Gf4,Rg6] Mit dem Bauern g6 wird eine neue Schwäche im
schwarzen Lager unter Beschuß genommen.} Kh7 50. e3 {Weiß bereitet das
Vorangehen mit dem d-Bauern vor und festigt weiter seine Stellung.} Be5 51. d4
Bg7 (51... Bxf4 52. gxf4 $16 {Die weißen Doppelbauern sind nicht schwach.}) 52.
h4 {Alles ist festgelegt. Jetzt holt Weiß zum entscheidenden Schlag aus.} Qf7 {
Schwarz kann nur abwarten.} 53. Bd5 {[%csl Gb6,Gd5,Gf4,Rg6]} Qe8 54. Nh3 {
[%csl Rh7][%cal Gh3g5]} (54. Be6 Bxe6 (54... Ba4 55. Qa7 $18 {[%csl Ga7,Ge6,
Gf4][%cal Re6f7,Rf7e8,Rf7g6,Ga7a4]}) 55. Qxe6 $18) 54... Qe7 55. Ng5+ Kh6 (
55... Kh8 56. Qxg6 $18) 56. Qb8 $18 {[%csl Rh6][%cal Rb8g8,Rg8h7]} Be8 57. Qf4
{[%csl Gf4,Rh6] Dem schwarzen König wird ein Mattnetz gestrickt.} Bf6 58. Nf7+
{Schwarz gab in hoffnungsloser Lage auf.} (58. Nf7+ Kg7 59. Qh6+ Kg8 60. Ne5+
$18 {[%csl Gd5,Ge5,Rg8,Gh6]}) 1-0

[Event "Interzonal-15"]
[Site "Manila"]
[Date "1990.??.??"]
[Round "11"]
[White "Gurevich, Mikhail"]
[Black "Yudasin, Leonid"]
[Result "1/2-1/2"]
[WhiteElo "2640"]
[BlackElo "2615"]
[Annotator "Ribli,Z"]
[PlyCount "32"]
[EventDate "1990.06.29"]
[EventType "swiss"]
[EventRounds "13"]
[EventCountry "PHI"]
[SourceTitle "CBM 019"]
[Source "ChessBase"]
[SourceDate "1990.12.01"]
[SourceVersion "1"]
[SourceVersionDate "1990.12.01"]
[SourceQuality "1"]

1. c4 c5 2. g3 g6 3. Bg2 Bg7 4. Nc3 Nc6 5. Nf3 d6 6. d3 Rb8 7. O-O Nh6 8. Bd2
Nf5 9. a3 a6 10. Rb1 O-O 11. b4 cxb4 12. axb4 b5 13. Nh4 (13. cxb5 axb5 14. g4
Nfd4 15. Nxd4 Nxd4 16. e3 Ne6 17. f4 Bb7 18. Ne4 Nc7 19. f5 Nd5 20. Rf3 Rc8 21.
Rh3 Qd7 22. Qb3 $13 {Calvo-Glauser Lugano ol 1968 6/105}) 13... Nxh4 14. Bxc6
Nf5 15. cxb5 Nd4 $1 16. Bg2 Nxb5 {Ribli} 1/2-1/2

[Event "Interzonal-15"]
[Site "Manila"]
[Date "1990.??.??"]
[Round "13"]
[White "Ftacnik, Lubomir"]
[Black "Stohl, Igor"]
[Result "1/2-1/2"]
[WhiteElo "2550"]
[BlackElo "2525"]
[Annotator "Ribli,Z"]
[PlyCount "78"]
[EventDate "1990.06.29"]
[EventType "swiss"]
[EventRounds "13"]
[EventCountry "PHI"]
[SourceTitle "CBM 019"]
[Source "ChessBase"]
[SourceDate "1990.12.01"]
[SourceVersion "1"]
[SourceVersionDate "1990.12.01"]
[SourceQuality "1"]

1. Nf3 g6 2. c4 Bg7 3. Nc3 c5 4. g3 Nc6 5. Bg2 e6 6. O-O Nge7 7. e3 Nf5 (7...
d5 8. cxd5 exd5 $6 (8... Nxd5 $1) 9. d4 cxd4 10. Nxd4 Nxd4 11. exd4 O-O 12. Bg5
Be6 13. Qb3 {Tisdall,J-Wolff,P Preston 1989 CBM 14}) 8. a3 (8. Ne4 d6 9. d4
cxd4 10. exd4 d5 11. cxd5 exd5 12. Nc3 Be6 13. Bg5 Qa5 14. a3 h6 15. b4 Qc7 16.
Bf4 $13 {Ditzler-Gheorghiu Bern op 1989 47/67}) 8... O-O 9. b4 Nxb4 10. axb4
cxb4 11. d4 bxc3 12. Ba3 d6 13. Qb3 Qc7 14. Qxc3 Ne7 15. Rfc1 Rd8 16. Nd2 e5
17. d5 b6 18. Ne4 Bf5 19. Nxd6 $5 Rxd6 20. e4 Bd7 21. Bxd6 Qxd6 22. c5 Qxc5 23.
Qxc5 bxc5 24. Rxc5 Nc8 25. Rc7 Bb5 26. Rb7 Nd6 27. Rbxa7 Rxa7 28. Rxa7 f5 29.
Ra8+ Kf7 30. Ra7+ Kg8 31. Ra8+ Kf7 32. Ra7+ Kf8 33. Ra8+ Be8 34. Ra6 Ke7 35.
Ra7+ Bd7 36. exf5 gxf5 37. Bh3 h5 38. Bf1 Nc8 39. Ra6 Bf6 {Ribli} 1/2-1/2

[Event "Hoogovens-B"]
[Site "Wijk aan Zee"]
[Date "1994.01.??"]
[Round "3"]
[White "Schwartzman, Gabriel"]
[Black "Winants, Luc"]
[Result "1/2-1/2"]
[WhiteElo "2500"]
[BlackElo "2495"]
[Annotator "Ribli,Z"]
[PlyCount "55"]
[EventDate "1994.01.21"]
[EventType "tourn"]
[EventRounds "9"]
[EventCountry "NED"]
[EventCategory "9"]
[SourceTitle "CBM 040"]
[Source "ChessBase"]
[SourceDate "1994.06.01"]
[SourceVersion "1"]
[SourceVersionDate "1994.06.01"]
[SourceQuality "1"]

1. c4 c5 2. Nc3 Nc6 3. g3 g6 4. Bg2 Bg7 5. Nf3 e6 $5 6. O-O Nge7 7. d4 Nxd4 (
7... cxd4 8. Nb5 $44 Nf5 9. g4 a6 10. gxf5 axb5 11. cxb5 Ne7 12. Nxd4 Nxf5 13.
Nxf5 exf5 14. Qd6 $16) 8. Ne4 d6 (8... O-O 9. Nxc5 Nxf3+ 10. Bxf3 Qc7 11. Ne4
Qxc4 12. Nd6 $44 {Celuskina}) 9. Nxd4 cxd4 10. Qa4+ Nc6 11. Bg5 Qc7 12. Qa3 O-O
13. Nxd6 (13. Qxd6 $5 Qa5 $2 (13... Qxd6 $5) 14. b4 $1 $14 {
Celuskina-Cilingarova/Manila olw/1992/INF56,(55)/}) 13... h6 14. Bd2 Bd7 (14...
Rd8 15. c5 Bf8 16. Rac1 $14) (14... e5 15. c5 a5 16. b4 $14) 15. c5 a5 16. Rac1
(16. Rfc1 $5 e5 17. Qb3 Rab8 18. Qb6 Qxb6 19. cxb6 a4 20. Rc4 $1 $14) 16... e5
17. Qb3 Rab8 18. Qb6 Qxb6 19. cxb6 a4 20. Nxb7 (20. Rc4 $5) 20... Rxb7 21. Bxc6
Bxc6 22. Rxc6 Ra8 23. Bb4 Bf8 $1 (23... Ra6 $2 24. Bc5 $16) 24. Bxf8 Kxf8 25.
f4 Ra6 $1 (25... exf4 $2 26. Rxf4 Ra6 27. Rc7 Rxc7 28. bxc7 Rc6 29. Rxd4 Rxc7
30. Rxa4 $18) 26. fxe5 Raxb6 27. Rxb6 Rxb6 28. b3 1/2-1/2

[Event "Gausdal Int"]
[Site "Gausdal"]
[Date "1991.??.??"]
[Round "9"]
[White "Kaidanov, Gregory S"]
[Black "Ernst, Thomas"]
[Result "1-0"]
[WhiteElo "2555"]
[BlackElo "2525"]
[Annotator "Ribli,Z"]
[PlyCount "61"]
[EventDate "1991.08.??"]
[EventType "swiss"]
[EventRounds "9"]
[EventCountry "NOR"]
[SourceTitle "CBM 025"]
[Source "ChessBase"]
[SourceDate "1991.12.01"]
[SourceVersion "1"]
[SourceVersionDate "1991.12.01"]
[SourceQuality "1"]

1. c4 {Hansen,Cu} c5 2. Nf3 Nc6 3. g3 e5 4. Nc3 g6 5. Bg2 Bg7 6. a3 a5 7. O-O
d6 8. d3 Nge7 9. Ne1 Be6 10. Nc2 d5 (10... O-O $5) 11. cxd5 Nxd5 12. Ne3 $1 (
12. Nxd5 Bxd5 13. Bxd5 Qxd5 14. Ne3 Qe6 15. Bd2 O-O 16. a4 Rfd8 17. f3 Nd4 18.
Nc4 b6 19. Bc3 Rd7 20. Bxd4 exd4 21. Ra3 $13 {Denker,A-Ernst,T New York op
1990 EXP/16}) 12... Nde7 13. Nc4 $1 (13. Ne4 b6 14. Ng5 (14. Qa4 O-O 15. Nxc5
bxc5 16. Bxc6 Nxc6 17. Qxc6 Rc8 18. Qa4 f5 19. Nc4 f4 20. Qxa5 Qg5 21. f3 e4 $1
$44 {Wojtkiewicz,A-Bellon Lopez,JM Ter Apel 1991 CBM/24}) 14... Bd7 15. Nc4 O-O
16. f4 h6 17. Nf3 exf4 18. Bxf4 Be6 $10 {Yermolinsky,A-Wedberg,T New York op
1991 CBM/23}) 13... Rb8 (13... O-O {Hansen,Cu} 14. Bg5 f6 15. Be3 b6 16. Qa4
$14 {Kaidanov,G-Ilinsky,V Gausdal International 1991 (1)}) 14. Bg5 f6 15. Be3
b6 16. Qa4 Qd7 17. b4 axb4 18. axb4 Bxc4 (18... Nxb4 19. Nxb6 $1 Rxb6 20. Bxc5
Rb8 21. Bxb4 Qxa4 22. Rxa4 Bd7 23. Bd6 $18) 19. dxc4 Nxb4 20. Qxd7+ Kxd7 21.
Ra7+ Ke8 22. Rd1 $146 Bf8 23. Ne4 Kf7 24. Rd6 Bg7 25. Rdd7 Nbc6 26. Ng5+ $1 Ke8
27. Bxc6 Nxc6 28. Rxg7 Nxa7 29. Ne4 Nc6 30. Nd6+ Kf8 (30... Kd8 {Hansen,Cu} 31.
Nf7+ $18) 31. Bh6 1-0

[Event "Valby K41"]
[Site "Valby"]
[Date "1991.??.??"]
[Round "3"]
[White "Uhlmann, Wolfgang"]
[Black "Cramling, Pia"]
[Result "0-1"]
[WhiteElo "2500"]
[BlackElo "2485"]
[Annotator "Ribli,Z"]
[PlyCount "124"]
[EventDate "1991.09.??"]
[EventType "tourn"]
[EventRounds "9"]
[EventCountry "DEN"]
[EventCategory "10"]
[SourceTitle "CBM 027"]
[Source "ChessBase"]
[SourceDate "1992.04.01"]
[SourceVersion "1"]
[SourceVersionDate "1992.04.01"]
[SourceQuality "1"]

1. c4 {Ernst} c5 2. Nf3 Nc6 3. Nc3 e5 4. g3 g6 5. Bg2 Bg7 6. O-O d6 7. a3 a5 8.
d3 Nge7 9. Ne1 Be6 10. Nc2 d5 11. cxd5 Nxd5 12. Ne4 (12. Nxd5 $6 Bxd5 13. Bxd5
Qxd5 14. Ne3 Qe6 15. Bd2 O-O 16. a4 Rfd8 17. f3 Nd4 18. Nc4 b6 19. Bc3 Rd7 20.
Bxd4 exd4 21. Ra3 Rb7 22. Rb3 Qc6 23. Rb5 Re8 24. Re1 Re6 $13 {Denker,A-Ernst,
T New York op 1990 EXP/16}) (12. Ne3 $5 Nde7 13. Nc4 $1 O-O 14. Bg5 $1 f6 15.
Be3 b6 16. Qa4 Qc7 17. Rfc1 Rab8 18. Rab1 $14 {Kaidanov,G-Ilinsky,V Gausdal
International 1991 CBM/25}) 12... b6 13. Ng5 Bc8 14. Ne3 Nde7 15. Nc4 (15. Qa4
Bd7 16. Nd5 Nd4 17. Qc4 O-O $15 {Azmayparashvili,Z-Schussler,H Reykjavik
Summit 1990 CBM/18}) 15... O-O 16. Bd2 h6 17. Ne4 Be6 18. a4 f5 19. Nc3 Ra7 20.
Qb3 Rb7 21. Nb5 Rd7 22. Bc3 Nd5 23. Rad1 Kh7 24. Qc2 Ndb4 25. Qb1 e4 $1 $15 26.
Bxg7 Kxg7 27. b3 exd3 28. exd3 Bd5 29. Bxd5 Rxd5 30. Rfe1 Rf6 31. f4 g5 32. Ne3
Rxd3 33. Rxd3 Qxd3 34. fxg5 hxg5 35. Qxd3 Nxd3 36. Rf1 Ne7 37. Nc7 Kg6 38. Rd1
Ne5 39. Ned5 Nxd5 40. Nxd5 Re6 41. Nc7 Rc6 42. Nd5 Kf7 43. Rf1 Rd6 44. Ne3 Rd3
45. Nxf5 Ke6 46. Ng7+ Kd5 47. Rb1 Rd2 48. h3 Nf3+ 49. Kf1 Nh2+ 50. Ke1 Nf3+ 51.
Kf1 Nd4 52. Re1 Nxb3 53. Ne6 Rd3 54. Kf2 c4 55. h4 Rd2+ 56. Kf3 gxh4 57. Nf4+
Kc5 58. gxh4 c3 59. h5 c2 60. Ne2 Nd4+ 61. Nxd4 Kxd4 62. h6 Rh2 0-1

[Event "USA-ch m"]
[Site "Los Angeles"]
[Date "1991.??.??"]
[Round "2.1"]
[White "Gulko, Boris F"]
[Black "Dlugy, Maxim"]
[Result "1/2-1/2"]
[WhiteElo "2565"]
[BlackElo "2560"]
[Annotator "Ribli,Z"]
[PlyCount "44"]
[EventDate "1991.07.??"]
[EventType "k.o."]
[EventRounds "4"]
[EventCountry "USA"]
[SourceTitle "CBM 025"]
[Source "ChessBase"]
[SourceDate "1991.12.01"]
[SourceVersion "1"]
[SourceVersionDate "1991.12.01"]
[SourceQuality "1"]

1. c4 c5 2. g3 g6 3. Bg2 Bg7 4. Nc3 Nc6 5. Nf3 e6 6. O-O Nge7 7. d3 d5 8. Bg5
h6 9. Bd2 O-O 10. a3 b6 11. Rb1 Bb7 12. b4 dxc4 13. dxc4 cxb4 14. axb4 Rc8 (
14... a5 15. b5 Nb8 16. Na4 Nd7 17. Be3 Qc7 $13 {Panzalovic,S-Sznapik,A Biel
op 1990 EXP/19}) 15. c5 bxc5 16. bxc5 Na5 17. Nb5 Bxf3 (17... Rxc5 18. Qa4 Nac6
19. Be3 Rd5 20. Rfc1 Rd7 21. Bc5 Qa5 22. Qxa5 Nxa5 23. Nxa7 Ra8 24. Nb5 Be4 $10
{Larsen,B-Hansen,Cu Graestad 1990 49/(60) EXP/16}) 18. Bxf3 Rxc5 19. Nxa7 Qd7
20. Bxa5 Qxd1 21. Rfxd1 Rxa5 22. Rd7 Bd4 1/2-1/2

[Event "New York WFW"]
[Site "New York"]
[Date "1990.??.??"]
[Round "?"]
[White "Mednis, Edmar John"]
[Black "Averbakh, Yuri L"]
[Result "1/2-1/2"]
[WhiteElo "2450"]
[BlackElo "2450"]
[Annotator "Ribli,Z"]
[PlyCount "72"]
[EventDate "1990.09.??"]
[EventType "tourn"]
[EventRounds "9"]
[EventCountry "USA"]
[EventCategory "11"]
[SourceTitle "CBM 020"]
[Source "ChessBase"]
[SourceDate "1991.02.01"]
[SourceVersion "1"]
[SourceVersionDate "1991.02.01"]
[SourceQuality "1"]

1. c4 c5 2. Nf3 Nc6 3. g3 g6 4. Bg2 Bg7 5. Nc3 d6 6. O-O Be6 (6... Bd7 7. b3
Nh6 8. Bb2 O-O 9. e3 {Hansen,Cu-Andersson,U Helsingborg SVE-DEN 1990 CBM/18})
7. b3 Qc8 8. Re1 Nf6 9. Bb2 O-O 10. e3 (10. d4 $5) 10... d5 11. Nxd5 Nxd5 12.
Bxg7 Nxe3 13. Rxe3 Kxg7 14. d4 cxd4 15. Nxd4 Nxd4 16. Qxd4+ Kg8 17. h4 Rd8 18.
Qe5 Rd7 19. Rae1 Qf8 20. Qa5 b6 21. Qc3 Rad8 22. Rxe6 fxe6 23. Bh3 Rd4 24.
Bxe6+ Kh8 25. Bd5 Qf6 26. Kg2 Rf8 27. f3 e5 28. Qe3 Kg7 29. a4 Re8 30. Re2 Re7
31. Qc3 a5 32. Qe3 h6 33. Be4 Red7 34. Bd5 Re7 35. Be4 Red7 36. Bd5 Re7 1/2-1/2

[Event "San Martin"]
[Site "San Martin"]
[Date "1994.??.??"]
[Round "1"]
[White "Scarella, Enrique Alejandro"]
[Black "Rodriguez Vila, Andres"]
[Result "1-0"]
[WhiteElo "2405"]
[BlackElo "2435"]
[Annotator "Ribli,Z"]
[PlyCount "91"]
[EventDate "1994.04.??"]
[EventType "tourn"]
[EventRounds "11"]
[EventCountry "ARG"]
[EventCategory "9"]
[SourceTitle "CBM 042"]
[Source "ChessBase"]
[SourceDate "1994.10.01"]
[SourceVersion "1"]
[SourceVersionDate "1994.10.01"]
[SourceQuality "1"]

1. Nf3 c5 2. c4 Nc6 3. g3 g6 4. Bg2 Bg7 5. Nc3 e5 6. O-O Nge7 7. a3 O-O 8. Rb1
a5 9. Ne1 d6 10. Nc2 Be6 11. Ne3 Rb8 (11... f5 12. d3 Bf7 13. Ned5 Nxd5 14.
Nxd5 Rb8 15. b4 $14 {Espig,L-Schmittdiel,E/Dortmund-B/1990/CBM18/}) 12. Ned5 b6
(12... Bf5 13. d3 Nxd5 14. cxd5 Ne7 15. b4 $14 {Foisor,C-Klauser,M/Zweisimmen/
1993/EXP36/}) 13. d3 Qd7 14. Qa4 $5 (14. Nxe7+ $6 Nxe7 15. b4 axb4 16. axb4 d5
17. cxd5 Nxd5 18. Nxd5 Bxd5 19. Bxd5 Qxd5 20. bxc5 bxc5 21. Be3 c4 $10) 14...
Rfd8 (14... f5 15. Bg5 $1 $14) (14... h6 $2 15. Bxh6 $1) 15. Bg5 $1 Kf8 16. b4
axb4 17. axb4 Bxd5 (17... Ra8 $2 18. Bxe7+ Nxe7 19. Qxd7 Bxd7 20. Nxe7 $18) 18.
Nxd5 cxb4 19. Nxe7 Nxe7 20. Qxd7 Rxd7 21. Rxb4 Ra7 22. Rfb1 Ra6 23. g4 (23. Be3
Nc8 24. Bc6 Ke7 $14) 23... h6 24. Be3 Nc8 25. h4 Kg8 26. g5 $1 hxg5 27. hxg5
Bf8 28. Rb5 Be7 29. Bh3 $1 Na7 $2 (29... Bd8 30. f4 $16) 30. Rxb6 Raxb6 31.
Rxb6 Rxb6 32. Bxb6 Nc6 33. Bc7 $1 Nd4 34. Bg4 Kf8 35. Kg2 Ke8 36. Kg3 Ne6 37.
Bxe6 fxe6 38. c5 $1 dxc5 39. Bxe5 Bxg5 (39... Kd7 40. Bf6 $18) 40. Bd6 Be7 41.
Bxe7 Kxe7 42. Kf4 Kf6 43. Ke4 g5 (43... e5 44. Kd5 $18) 44. f3 e5 45. Kd5 Kf5
46. e3 1-0